Consumer behaviour / (Record no. 17771)
[ view plain ]
| 000 -LEADER | |
|---|---|
| fixed length control field | 00777nam a22002532 4500 |
| 001 - CONTROL NUMBER | |
| control field | 0000004565 |
| 003 - CONTROL NUMBER IDENTIFIER | |
| control field | OSt |
| 005 - DATE AND TIME OF LATEST TRANSACTION | |
| control field | 20190625161308.0 |
| 008 - FIXED-LENGTH DATA ELEMENTS--GENERAL INFORMATION | |
| fixed length control field | 070525s xx 000 0 eng d |
| 020 ## - INTERNATIONAL STANDARD BOOK NUMBER | |
| International Standard Book Number | 1292269243 : |
| 040 ## - CATALOGING SOURCE | |
| Original cataloging agency | KABU |
| Transcribing agency | KABU |
| 050 #0 - LIBRARY OF CONGRESS CALL NUMBER | |
| Classification number | HF5415.32 |
| Item number | .S35 2019 c. 1 |
| 100 1# - MAIN ENTRY--PERSONAL NAME | |
| Personal name | Schiffman, Leon G. |
| 245 10 - TITLE STATEMENT | |
| Title | Consumer behaviour / |
| Statement of responsibility, etc. | Leon G. Schiffman, Joe Wisenblit |
| 250 ## - EDITION STATEMENT | |
| Edition statement | 12th ed. |
| 260 ## - PUBLICATION, DISTRIBUTION, ETC. (IMPRINT) | |
| Place of publication, distribution, etc. | UK: |
| Name of publisher, distributor, etc. | Pearson education Limited |
| Date of publication, distribution, etc. | 2019. |
| 300 ## - PHYSICAL DESCRIPTION | |
| Extent | 508 p. |
| 650 #0 - SUBJECT ADDED ENTRY--TOPICAL TERM | |
| Topical term or geographic name as entry element | Consumer behavior. |
| 650 #0 - SUBJECT ADDED ENTRY--TOPICAL TERM | |
| Topical term or geographic name as entry element | Motivation research (Marketing) |
| 700 1# - ADDED ENTRY--PERSONAL NAME | |
| Personal name | Wisenblit, Joe |
| 908 ## - PUT COMMAND PARAMETER (RLIN) | |
| Put command parameter | 070525 |
| 942 ## - ADDED ENTRY ELEMENTS (KOHA) | |
| Source of classification or shelving scheme | Library of Congress Classification |
| Koha item type | General Collection |
| Classification part | HF5415.32 |
| Item part | .S35 2019 c. 1 |
| Withdrawn status | Lost status | Source of classification or shelving scheme | Not for loan | Home library | Current library | Date acquired | Cost, normal purchase price | Total Checkouts | Full call number | Barcode | Date last seen | Copy number | Price effective from | Koha item type |
|---|---|---|---|---|---|---|---|---|---|---|---|---|---|---|
| Library of Congress Classification | Kabarak, Main Campus | Kabarak, Main Campus | 25/06/2019 | 5758.72 | HF5415.32 .S35 2019 c. 1 | 023486 | 25/06/2019 | c. 1 | 25/06/2019 | General Collection |